| 000 | 00835nam a2200193 i 4500 | ||
|---|---|---|---|
| 001 | 155359 | ||
| 003 | ES-MaACL | ||
| 005 | 20230906210039.0 | ||
| 008 | 040720s1900 sp |||| | spa d | ||
| 100 | 1 |
_aHerran y Ureta, Joaquín. _9127923 |
|
| 245 | 1 | 0 |
_aConclusiones del debate acerca del tema: El pauperismo, medios prácticos para combatirlo / _csustentante, socio de este centro Joaquín Herrán y Ureta. |
| 260 |
_aVitoria : _b[s.n.], _c1900 ( _fImp. de Domingo Sar) |
||
| 300 |
_a15 p. ; _c22 cm. |
||
| 594 | _aPrecede al tít.: Ateneo Científico, Literario y Artístico de Vitoria. | ||
| 650 | 4 |
_aPobreza- _zEspaña. _9166966 |
|
| 650 | 4 |
_aBeneficencia- _zEspaña. _9159082 |
|
| 710 | 2 |
_aAteneo de Vitoria. _91848 |
|
| 852 |
_aES-MaACL _jT-985-F-4 _z- Enc. hol., conservando cub. original _z- Enc. en un vol. facticio de 26 cm |
||
| 999 |
_c155359 _d155359 |
||